Welcome to CU Library Online Public Access Catalogue (OPAC)

Principles of business law / (Record no. 3478)

MARC details
000 -LEADER
fixed length control field 00535cam a22001814a 4500
001 - CONTROL NUMBER
control field 15151808
005 - DATE AND TIME OF LATEST TRANSACTION
control field 20250205212332.0
008 - FIXED-LENGTH DATA ELEMENTS--GENERAL INFORMATION
fixed length control field 080124m20042006gh a 000 0 eng
020 ## - INTERNATIONAL STANDARD BOOK NUMBER
International Standard Book Number 9988009445 (v. 1)
020 ## - INTERNATIONAL STANDARD BOOK NUMBER
International Standard Book Number 9988009453 (v. 2)
050 00 - LIBRARY OF CONGRESS CALL NUMBER
Classification number KRX78.B87
Item number A34 2004
100 1# - MAIN ENTRY--PERSONAL NAME
Personal name Adjei-Mensah, K.
Fuller form of name (Kwadwo)
245 10 - TITLE STATEMENT
Title Principles of business law /
Statement of responsibility, etc. K. Adjei-Mensah.
260 ## - PUBLICATION, DISTRIBUTION, ETC.
Place of publication, distribution, etc. [Accra?] :
Name of publisher, distributor, etc. His Grace Publications,
Date of publication, distribution, etc. 2004-2006.
300 ## - PHYSICAL DESCRIPTION
Extent 2 v. :
Other physical details ill. ;
Dimensions 25 cm.
650 #0 - SUBJECT ADDED ENTRY--TOPICAL TERM
Topical term or geographic name entry element Commercial law
Geographic subdivision Ghana.
942 ## - ADDED ENTRY ELEMENTS (KOHA)
Source of classification or shelving scheme Library of Congress Classification
Koha item type Books
Suppress in OPAC No
999 ## -
-- 3478
-- 3478
Holdings
Withdrawn status Lost status Source of classification or shelving scheme Damaged status Not for loan Collection Home library Current library Shelving location Date acquired Total checkouts Full call number Barcode Date last seen Copy number Uniform resource identifier Price effective from Koha item type
    Library of Congress Classification     Non-fiction Law Library (Christ Temple) Law Library (Christ Temple) General stacks 02/05/2025   KRX78.B87.A34 MEN LLCT00000391 02/05/2025 1 Vol.2 02/05/2025 Books
    Library of Congress Classification     Non-fiction Law Library (Christ Temple) Law Library (Christ Temple) General stacks 02/05/2025   KRX78.B87.A34 MEN LLCT00000392 02/05/2025 2 Vol.2 02/05/2025 Books
© 2023-2024 Copyright: Central University Libraries. All Rights Reserved | Created by: Mahone Tech Office